000 00862nam a2200229Ii 4500
003 JO-AjNU
008 230605s9999||||xx |||||||||||||| ||und||
017 _a2021/9/5184
020 _a978-9923-37-098-8
040 _aJO-AjNU
_bara
_erda
_cJO-AjNU
041 _aara
050 1 4 _aBP144.2022
100 3 _aالعلي، علي، م مشارك خولة خريبط خلف,
_eauthor
_963153
245 0 0 _aالطلاق واسبابه في ضوء التغيرات الاجتماعية والثقافية
250 _aط1
264 3 1 _aعمان: دار دجلة ناشرون وموزعون، 2021
300 _a122ص
336 _atext
_btxt
_2rdacontent
337 _aunmediated
_bn
_2rdamedia
338 _avolume
_bnc
_2rdacarrier
650 4 _aالطلاق-اسباب الطلاق-قانون الاسرة المسلمة-الاحكام الفقهية
_963154
999 _aA28631
_c32199
_d32199